<?xml version="1.0" encoding="UTF-8"?>
<record
    xmlns:xsi="http://www.w3.org/2001/XMLSchema-instance"
    xsi:schemaLocation="http://www.loc.gov/MARC21/slim http://www.loc.gov/standards/marcxml/schema/MARC21slim.xsd"
    xmlns="http://www.loc.gov/MARC21/slim">

  <leader>01376nam a2200229 i 4500</leader>
  <controlfield tag="001">173047</controlfield>
  <controlfield tag="003">ES-MaACL</controlfield>
  <controlfield tag="005">20240229062731.0</controlfield>
  <controlfield tag="008">091019s1808    sp           |||| | spa d</controlfield>
  <datafield tag="100" ind1="1" ind2=" ">
    <subfield code="a">Arias, Juan de</subfield>
    <subfield code="9">141467</subfield>
    <subfield code="e">aut</subfield>
  </datafield>
  <datafield tag="245" ind1="1" ind2="0">
    <subfield code="a">Manifiesto imparcial y exacto de lo m&#xE1;s importante ocurrido en Aranjuez, Madrid y Bayona : </subfield>
    <subfield code="b">desde 17 de marzo hasta 15 de mayo de 1808 : sobre la ca&#xED;da del Pr&#xED;ncipe de la Paz, y sobre el fin de la amistad y alianza de los franceses con los espa&#xF1;oles / </subfield>
    <subfield code="c">escrito en Madrid y cedido su producto a beneficio de los pobres de la Casa de Misericordia de C&#xE1;diz [por J. de A.].</subfield>
  </datafield>
  <datafield tag="260" ind1=" " ind2=" ">
    <subfield code="a">[C&#xE1;diz : </subfield>
    <subfield code="b">s.n. ], </subfield>
    <subfield code="c">1808</subfield>
    <subfield code="f">(Imp. en dicha Casa)</subfield>
  </datafield>
  <datafield tag="300" ind1=" " ind2=" ">
    <subfield code="a">43 p. ; </subfield>
    <subfield code="c">20 cm.</subfield>
  </datafield>
  <datafield tag="600" ind1="0" ind2="4">
    <subfield code="a">Carlos </subfield>
    <subfield code="b">IV,</subfield>
    <subfield code="c">Rey de Espa&#xF1;a</subfield>
    <subfield code="9">35307</subfield>
  </datafield>
  <datafield tag="600" ind1="0" ind2="4">
    <subfield code="a">Godoy, Manuel de,</subfield>
    <subfield code="c">Pr&#xED;ncipe de la Paz</subfield>
    <subfield code="9">57538</subfield>
  </datafield>
  <datafield tag="651" ind1=" " ind2="4">
    <subfield code="a">Espa&#xF1;a-</subfield>
    <subfield code="x">Historia-</subfield>
    <subfield code="y">1808-1814, Guerra de la Independencia</subfield>
    <subfield code="9">8244</subfield>
  </datafield>
  <datafield tag="852" ind1="4" ind2=" ">
    <subfield code="a">ES-MaACL</subfield>
    <subfield code="j">R-3318(1)     </subfield>
    <subfield code="z">- Enc. en un vol. facticio con otras obras formando "Miscel&#xE1;nea patri&#xF3;tica" </subfield>
    <subfield code="z">- Enc. piel</subfield>
  </datafield>
  <datafield tag="852" ind1="4" ind2=" ">
    <subfield code="a">ES-MaACL</subfield>
    <subfield code="j">R-3318(1)     </subfield>
    <subfield code="z">Enc. en un vol. facticio con otras obras formando "Miscel&#xE1;nea patri&#xF3;tica" </subfield>
    <subfield code="z">Enc. piel</subfield>
  </datafield>
  <datafield tag="852" ind1="4" ind2=" ">
    <subfield code="a">ES-MaACL</subfield>
    <subfield code="j">R-3318(1)     </subfield>
    <subfield code="z">Encuadernado en un volumen facticio con otras obras formando "Miscel&#xE1;nea patri&#xF3;tica" </subfield>
    <subfield code="z">Encuadernaci&#xF3;n en piel</subfield>
  </datafield>
  <datafield tag="942" ind1=" " ind2=" ">
    <subfield code="2">udc</subfield>
  </datafield>
  <datafield tag="999" ind1=" " ind2=" ">
    <subfield code="c">173047</subfield>
    <subfield code="d">173047</subfield>
  </datafield>
  <datafield tag="952" ind1=" " ind2=" ">
    <subfield code="0">0</subfield>
    <subfield code="1">0</subfield>
    <subfield code="2">udc</subfield>
    <subfield code="4">0</subfield>
    <subfield code="7">0</subfield>
    <subfield code="8">LIBXIX</subfield>
    <subfield code="a">ATENEOM</subfield>
    <subfield code="b">ATENEOM</subfield>
    <subfield code="c">DEPO</subfield>
    <subfield code="d">2009-10-19</subfield>
    <subfield code="l">0</subfield>
    <subfield code="o">FA R-3318(1)</subfield>
    <subfield code="p">1181578</subfield>
    <subfield code="r">2023-02-23 00:00:00</subfield>
    <subfield code="w">2023-02-23</subfield>
    <subfield code="y">MONANT</subfield>
  </datafield>
</record>
